Debunking history (Record no. 18075)

MARC details
000 -LEADER
fixed length control field 00494nam a22001697a 4500
008 - FIXED-LENGTH DATA ELEMENTS--GENERAL INFORMATION
fixed length control field 191127b xxu||||| |||| 00| 0 eng d
020 ## - INTERNATIONAL STANDARD BOOK NUMBER
International Standard Book Number 0750941510
040 ## - CATALOGING SOURCE
Original cataloging agency KABU
Transcribing agency KABU
050 ## - LIBRARY OF CONGRESS CALL NUMBER
Classification number D10
Item number .R39 2006 c. 1
100 ## - MAIN ENTRY--PERSONAL NAME
Personal name Rayner, ED
245 ## - TITLE STATEMENT
Title Debunking history
Remainder of title 152 popular myths exploded
Statement of responsibility, etc. ED rayner & Ron Stapley
260 ## - PUBLICATION, DISTRIBUTION, ETC. (IMPRINT)
Place of publication, distribution, etc. Phoenix Mill
Name of publisher, distributor, etc. Sutton Publishing
Date of publication, distribution, etc. 2006
300 ## - PHYSICAL DESCRIPTION
Extent xv, 446 p.
650 ## - SUBJECT ADDED ENTRY--TOPICAL TERM
Topical term or geographic name as entry element History
General subdivision Miscellana
700 ## - ADDED ENTRY--PERSONAL NAME
Personal name Stapley, Ron
942 ## - ADDED ENTRY ELEMENTS (KOHA)
Source of classification or shelving scheme Library of Congress Classification
Koha item type General Collection
Classification part D10
Holdings
Withdrawn status Lost status Source of classification or shelving scheme Not for loan Home library Current library Date acquired Total Checkouts Full call number Barcode Date last seen Date last checked out Copy number Price effective from Koha item type
    Library of Congress Classification   Kabarak, Main Campus Kabarak, Main Campus 27/11/2019 1 D10 .R39 2006 c. 1 022559 09/12/2019 05/12/2019 c. 1 27/11/2019 General Collection
Designed with assistance from East African Informatics Ltd